| 000 | 00500nam a22001817a 4500 | ||
|---|---|---|---|
| 005 | 20240513125541.0 | ||
| 008 | 240513b |||||||| |||| 00| 0 eng d | ||
| 020 | _a9780080449692 | ||
| 082 |
_a617.7 _bKAN-C |
||
| 100 | _aKanski Jack J | ||
| 245 |
_aClinical Ophthalmology a systematic Approach / _cKanski Jack J |
||
| 250 | _a6th ed. | ||
| 260 |
_aUSA: _bElsevier _c2008. |
||
| 300 |
_avii,931p. : _bill : _c27 cm. |
||
| 500 | _ainclude index . | ||
| 650 | _aMedical / Ophthalmology | ||
| 999 |
_c35758 _d35758 |
||